Państwa z największymi podatkami - Statystyki

Ogólne statystyki
  • Ten quiz został rozwiązany 17 805 razy
  • Średni wynik to 11 z 20
Statystyki odpowiedzi
% Państwo % Poprawnych
37.6 Niemcy
89%
45.3 Francja
83%
38.0 Norwegia
79%
44.1 Szwecja
79%
44.1 Finlandia
73%
42.9 Włochy
73%
45.9 Dania
69%
38.8 Holandia
67%
44.2 Belgia
66%
42.7 Austria
62%
38.6 Grecja
59%
37.1 Luksemburg
59%
36.4 Islandia
57%
37.9 Chorwacja
47%
39.4 Węgry
46%
37.0 Słowenia
44%
38.4 Serbia
42%
37.0 Bośnia i Hercegowina
34%
41.5 Kuba
14%
47.0 Lesotho
6%
Nie znaleziono quizów pasujących do podanych kryteriów
Rozkład punktacji
Procent ludzi z każdym wynikiem
Percentyl według liczby udzielonych odpowiedzi
Twoja historia wyników
Nie rozwiązałeś tego quizu